| Tag |
First Indicator |
Second Indicator |
Subfields |
| LEADER |
00000cam a2200000 4500 |
| 001 |
in00000043552 |
| 005 |
20151007072908.0 |
| 008 |
730119s1965 nyua b 00010 eng u |
| 010 |
|
|
|a 65016408
|
| 035 |
|
|
|a (OCoLC)00543050
|
| 035 |
|
|
|9 AAE8755AM
|
| 040 |
|
|
|c WSU
|d TXA
|d UtOrBLW
|
| 049 |
|
|
|a TXAM
|c [450295]
|
| 050 |
|
0 |
|a QD461
|b .H49
|
| 092 |
|
|
|a 547.128
|b H634q, 1965
|
| 100 |
1 |
|
|a Higashi, Kenʼichi,
|d 1905-
|
| 245 |
1 |
0 |
|a Quantum organic chemistry /
|c [by] Keniti Higasi, Hiroaki Baba [and] Alan Rembaum.
|
| 264 |
|
1 |
|a New York :
|b Interscience Publishers,
|c [1965]
|
| 300 |
|
|
|a vii, 358 pages :
|b illustrations ;
|c 24 cm.
|
| 336 |
|
|
|a text
|b txt
|2 rdacontent
|
| 337 |
|
|
|a unmediated
|b n
|2 rdamedia
|
| 338 |
|
|
|a volume
|b nc
|2 rdacarrier
|
| 504 |
|
|
|a Includes bibliographical references.
|
| 650 |
|
0 |
|a Quantum chemistry.
|
| 650 |
|
0 |
|a Molecular orbitals.
|
| 650 |
|
0 |
|a Chemistry, Organic.
|
| 700 |
1 |
|
|a Baba, Hiroaki,
|d 1923-
|
| 700 |
1 |
|
|a Rembaum, Alan.
|
| 999 |
|
|
|a MARS
|
| 999 |
f |
f |
|s 6aae6b8e-42d4-393d-bdfc-980edcd47e60
|i cdc3e1f1-6e00-3d19-b387-a355812d82d9
|t 0
|
| 952 |
f |
f |
|p normal
|a Texas A&M University
|b College Station
|c Sterling C. Evans Library
|d Evans: Library Stacks
|t 0
|e QD461 .H49
|h Library of Congress classification
|i unmediated -- volume
|m A14800944049
|
| 998 |
f |
f |
|a QD461 .H49
|t 0
|l Evans: Library Stacks
|